Sly Cooper Countries - Statistics

General Stats
  • This quiz has been taken 83 times
  • The average score is 12 of 14
Answer Stats
Game Episode Country % Correct
1 | 2 | 4 Police Headquarters | The Black Chateau | Prologue France
98%
1 | 4 Sunset Snake Eyes | Go West, Young Raccoon United States
98%
1 | 3 Fire in the Sky | A Cold Alliance China
92%
4 Turning _____ese Japan
92%
3 An Opera of Fear Italy
90%
3 | 4 Rumble Down Under | Clan of the Cave Raccoon Australia
89%
2 He Who Tames the Iron Horse Canada
87%
2 A Starry Eyed Encounter India
87%
3 Flight of Fancy Netherlands
87%
1 | 4 Tide of Terror | Of Mice and Mechs United Kingdom
85%
1 Cold Heart of Hate Russia
82%
2 A Shadow from the Past Egypt
69%
1 Vicious Voodoo Haiti
62%
2 Jailbreak Czech Republic
59%
No matching quizzes found
Score Distribution
Percent of People with Each Score
Percentile by Number Answered
Your Score History
You have not taken this quiz